Statistics for German Loan Words

Click here to take the quiz!

General Stats

  • This quiz has been taken 122,640 times
    (21,391 since last reset)
  • The average score is 13 of 20

Answer Stats

DefinitionWord% Correct
Preschool for children aged 4-6Kindergarten
96%
A person's double or look-alikeDoppelgänger
85%
Hitler's job titleFührer
82%
"Lightning war"Blitzkrieg
81%
Fermented cabbageSauerkraut
72%
A strong urge to travel{Wander}lust
69%
Child prodigy{Wunder}kind
69%
What you say when someone sneezesGesundheit
67%
Mischievous, noisy type of ghostPoltergeist
67%
The dots above this üUmlaut
64%
Dog breed called a "wiener dog"Dachshund
63%
Large beer mug. In German,
it just means "stone".
Stein
63%
German for above. Example:
Deutschland ____ alles.
In English slang, it means "very".
Über
63%
The spirit of the times, literally
"time ghost"
Zeitgeist
60%
Breaded veal cutletSchnitzel
53%
ForbiddenVerboten
52%
Pleasure from the misfortune of othersSchadenfreude
47%
Politics based on pragmatism, not idealism{Real}politik
42%
Musical instrument similar to a xylophoneGlockenspiel
41%
A recurring musical theme associated
with a particular character or thing
{Leit}motif
33%

Score Distribution

Percentile by Number Answered

Percent of People with Each Score

Your Score History

You have not taken this quiz since the last reset